Szczegóły MARC21

Le micro-Robert : dictionnaire de culture generale : noms propres, cartes et chronologie /

005 -DATA I CZAS OSTATNIEJ MODYFIKACJI [,]
    • @
    • pole kontrolne
    • 20070315155141.9
020 -Międzynarod. znormalizowany nr książki - ISBN [ , ]
    • a
    • Numer ISBN
    • 2850361143 Find
040 -Instytucja sporządzająca opis [ , ]
    • a
    • Instytucja, która sporządziła opis (NP)
    • SZCZ U
    • c
    • Instytucja, która sporządziła rekord (NP)
    • SZCZ U
041 -Język dokumentu [0, ]
    • a
    • Język tekstu (P)
    • francuski
    • h
    • Język tekstu oryginalnego i/lub pośredniego (P)
    • francuski
942 -Rodzaj dokumentu [ , ]
    • c
    • Rodzaj dokumentu
    • Książka
245 -Strefa tytułu i oznaczenia odpowiedzialności [0, ]
    • a
    • Tytuł
    • Le micro-Robert : Find
    • b
    • Ciąg dalszy tytułu (NP)
    • dictionnaire de culture generale : noms propres, cartes et chronologie / Find
250 -Strefa wydania [ , ]
    • a
    • Oznaczenie wydania (NP)
    • [2 éd.].
260 -Strefa adresu wydawniczego [ , ]
    • a
    • Miejsce wydania (P)
    • Paris :
    • b
    • Nazwa wydawcy (P)
    • Dictionnaires Le Robert,
    • c
    • Data wydania (P)
    • cop.1990.
300 -Strefa opisu fizycznego [ , ]
    • a
    • Określenie formy książki i/lub objętość (NP)
    • VI,823,[272] s. :
    • b
    • Oznaczenie ilustracji (NP)
    • mapki :
    • c
    • Format (NP)
    • 18 cm.
490 -Strefa serii i książki wielotomowej - forma nie do wyszukiwania [0, ]
    • a
    • Tytuł (P)
    • (Les Dictionnaires de Poche du Robert) Find
080 -Uniwersalna Klasyfikacja Dziesiętna [ , ]
    • a
    • Symbol klasyfikacji
    • 801.32=40
080 -Uniwersalna Klasyfikacja Dziesiętna [ , ]
    • a
    • Symbol klasyfikacji
    • :008=40
980 -Symbol UKD [ , ]
    • a
    • UKD
    • 801.32=40:008=40
700 -Hasło dodatkowe - nazwa osobowa [ , ]
    • a
    • Nazwa osobowa (NP)
    • Rey Alain Find
    • d
    • Daty biograficzne (NP)
    • red.
920 -ISBN [ , ]
    • a
    • ISBN
    • 2-85036-114-3 Find
Data inwentaryzacji Lokalizacja Status udost. Numer inwentarzowy Sygnatura
1993-12-20BM1A.3237FR. Kulturoznawstwo 01
 BM-3A.3238